000 00422 a2200133 4500
005 20250623173014.0
020 _a85264-160-5
082 _aLM 621.3 GRI
100 _aGRIFFITHS, E. H.
245 _aWeighing Machines: A Treatise in Three Volumes, Vol. 3 Application of Electricity and Electronics to Weighing Machines.
260 _aLondon,
_bGriffin,
_c1970.
300 _axii, 248p.: ill.;
_bIndex
_c24cm
942 _2ddc
_cBKS
999 _c2491
_d2491